Normal view
MARC view
- مراجعة وضبط وتقديم باكثير،علي أحمد
Entry Personal Name
001 - CONTROL NUMBER
- control field: 14996
003 - CONTROL NUMBER IDENTIFIER
- control field: JO-AjAnu
005 - DATE AND TIME OF LATEST TRANSACTION
- control field: 20230606072707.0
008 - FIXED-LENGTH DATA ELEMENTS
- fixed length control field: 230606|| aca||aabn | a|a d
040 ## - CATALOGING SOURCE
- Original cataloging agency: JO-AjAnu
- Transcribing agency: JO-AjAnu
100 ## - HEADING--PERSONAL NAME
- Personal name: مراجعة وضبط وتقديم باكثير،علي أحمد
670 ## - SOURCE DATA FOUND
- Source citation: Work cat.: (JO-AjAnu)7700: مراجعة وضبط وتقديم باكثير،علي أحمد, author, ديوان الشرنوبي